000 00443nmm a2200157Ia 4500
008 251105s9999||||xx |||||||||||||||||und||
020 _a9789502333458
041 _aspa
100 _aObligado, Clara
245 0 _aConstrucción en abismo
264 _a[Buenos Aires, Argentina] :
_bEudeba,
_c2023
300 _a168 páginas
650 _aLatin American narrative
856 _uhttps://public.digitaliapublishing.com/a/128472
942 _cCF
999 _c93338
_d93338